| 000 | 00705 a2200205 4500 | ||
|---|---|---|---|
| 999 |
_c9336 _d9336 |
||
| 020 | _a 9780199238590 | ||
| 050 | _aKF8810 ROS 2008 | ||
| 100 |
_a Blackstone; William _eeditor |
||
| 245 |
_aBlackstone's civil practice 2008 : _bupdating supplement / _cWilliam Blackstone; William Rose; Stuart Sime; Derek French.. [et al.]. |
||
| 264 |
_aOxford ; New York : _bOxford University Press, _c2007. |
||
| 300 | _a1 vol. (XVII-112 p.) ; 26 cm | ||
| 500 | _aIncludes index. | ||
| 650 | _aCivil procedure -- England. | ||
| 650 | _aCivil procedure -- Wales. | ||
| 650 | _a Civil procedure. | ||
| 700 | _aWilliam Rose | ||
| 700 | _aStuart Sime; | ||
| 700 | _a Derek French | ||
| 942 |
_2lcc _cBK _h8810 _iROS _kKF |
||